000 00802nam a2200289Ia 4500
001 76669
003 IT-RoPAU
008 130308s9999 xx 000 0 und d
040 _aIT-RoPAU
040 _cIT-RoPAU
041 _aITALIANO
100 _aEggebrecht Hans Heinrich
100 _gCodice Aut. SPICS: 17733
245 _aDistanza ed enfasi. La ricezione di Beethoven negli anni venti
245 _bEsperienza Musicale (L')-Teoria e storia della Ricezione
250 _a1a ed.
260 _aTORINO
260 _bEDT
260 _c1989 [1° Ed.:1989 - Ed.Ling.Originale:1989]
300 _a"11 p. (prefazione: no ; testo: 11 [pagine: 155-165])"
650 _aSAGGI MUSICALI
650 _eCodice materia Spics: 7011
942 _cBK
957 _71
999 _c59853
_d59853
999 _bSI
999 _g1